[Event "Xtracon Chess Open 2017"]
[Site "Helsingor DEN"]
[Date "2017.07.28"]
[Round "8.151"]
[White "Skjolingstad, Sverre"]
[Black "Stam, Bart"]
[Result "1-0"]
[WhiteElo "1644"]
[BlackElo "1854"]
[WhiteFideId "1519913"]
[BlackFideId "1006240"]
[EventDate "2017.07.22"]

1. e4 c5 2. Nf3 d6 3. d4 cxd4 4. Nxd4 Nf6 5. Nc3 a6 6. Bc4 e6 7. Bb3 b5 8. Bg5
Be7 9. Qf3 Qc7 10. O-O O-O 11. Rfe1 b4 12. Nce2 Qb7 13. Ng3 h6 14. Bd2 Bd7 15.
e5 Qxf3 16. Nxf3 dxe5 17. Nxe5 Bb5 18. Ng6 Re8 19. Nxe7+ Rxe7 20. Bxb4 Re8 21.
Ne4 Nxe4 22. Rxe4 Nd7 23. Rd1 a5 24. Ba3 a4 25. Bc4 Bc6 26. Red4 Nb6 27. Be2 Nd5
28. Bf3 Rec8 29. c4 Nf6 30. Bxc6 Rxc6 31. Rd8+ Rxd8 32. Rxd8+ Kh7 33. b3 axb3
34. axb3 Ra6 35. Bb2 Ne4 36. f3 Nc5 37. b4 Na4 38. Bd4 e5 39. Bxe5 Re6 40. Bd4
Nb6 41. Bxb6 Rxb6 42. b5 Kg6 43. Ra8 Kf5 44. Ra5 1-0

[Event "Xtracon Chess Open 2017"]
[Site "Helsingor DEN"]
[Date "2017.07.28"]
[Round "8.152"]
[White "Matsumura, Cocoro"]
[Black "Trost, Martin"]
[Result "1/2-1/2"]
[WhiteElo "1621"]
[BlackElo "1844"]
[WhiteFideId "36087114"]
[BlackFideId "1710737"]
[EventDate "2017.07.22"]

1. e4 b6 2. d4 Bb7 3. Nc3 e6 4. Bd3 Bb4 5. Ne2 d5 6. e5 Nd7 7. Bf4 c6 8. O-O Qc7
9. a3 Be7 10. Re1 h5 11. Qd2 Nh6 12. h3 Nf8 13. Rad1 Nf5 14. Bxf5 exf5 15. e6
Bd6 16. Bxd6 Qxd6 17. exf7+ Kxf7 18. Qf4 Qxf4 19. Nxf4 Nd7 20. h4 Nf6 21. Re5 g6
22. f3 Nd7 23. Re2 Rhe8 24. Rde1 Rxe2 25. Rxe2 Nf8 26. Kf2 Re8 27. Rxe8 Kxe8 28.
Nd3 Nd7 29. Ke3 1/2-1/2

[Event "Xtracon Chess Open 2017"]
[Site "Helsingor DEN"]
[Date "2017.07.28"]
[Round "8.153"]
[White "Nilssen, Steinar"]
[Black "Lodahl, Holger Ronnow"]
[Result "0-1"]
[WhiteElo "1608"]
[BlackElo "1838"]
[WhiteFideId "1525620"]
[BlackFideId "1427342"]
[EventDate "2017.07.22"]

1. d4 Nf6 2. Bf4 e6 3. e3 b6 4. Nf3 Bb7 5. Nbd2 c5 6. c3 Be7 7. h3 O-O 8. Bd3 d6
9. Bh2 Nbd7 10. Nc4 d5 11. Nce5 Ne4 12. O-O Ndf6 13. Nd2 cxd4 14. exd4 Nxd2 15.
Qxd2 Bd6 16. Qe2 Qc7 17. Rfe1 Nd7 18. Qh5 g6 19. Qh6 Nxe5 20. Rxe5 f6 21. Rxe6
Bxh2+ 22. Kf1 Bf4 23. Qh4 Bg5 24. Qg3 Qxg3 25. fxg3 Rfe8 26. Rae1 Rxe6 27. Rxe6
Kf7 28. Re1 Re8 29. Rd1 Bc6 30. Kf2 f5 31. Be2 Ke6 32. Bf3 Kd6 33. h4 Be3+ 34.
Kf1 Bb5+ 35. Ke1 Ba6 36. Rb1 Bd3 37. Rd1 Bc2 38. Ra1 Bc1+ 39. Kf2 Bxb2 40. Rf1
Bxc3 0-1

[Event "Xtracon Chess Open 2017"]
[Site "Helsingor DEN"]
[Date "2017.07.28"]
[Round "8.154"]
[White "Maselli, David"]
[Black "Kyrkjebo, Marte B."]
[Result "1/2-1/2"]
[WhiteElo "1568"]
[BlackElo "1833"]
[WhiteFideId "2814159"]
[BlackFideId "1511602"]
[EventDate "2017.07.22"]

1. d4 Nf6 2. Nf3 e6 3. c4 b6 4. g3 Ba6 5. Qc2 Bb4+ 6. Nbd2 O-O 7. Bg2 c6 8. O-O
d5 9. Rd1 Qe7 10. b3 Bb7 11. e4 dxe4 12. Nxe4 Nxe4 13. Qxe4 Nd7 14. Ng5 Nf6 15.
Qc2 h6 16. Ne4 Nxe4 17. Bxe4 Bd6 18. Bb2 Rac8 19. Rac1 Rfe8 20. Qc3 e5 21. d5
cxd5 22. Bxd5 Bxd5 23. Rxd5 f6 24. Rcd1 1/2-1/2

[Event "Xtracon Chess Open 2017"]
[Site "Helsingor DEN"]
[Date "2017.07.28"]
[Round "8.155"]
[White "Satre, Roger"]
[Black "Loveid, Erik"]
[Result "0-1"]
[WhiteElo "1832"]
[BlackElo "1640"]
[WhiteFideId "1510320"]
[BlackFideId "1520067"]
[EventDate "2017.07.22"]

1. c4 d6 2. Nf3 e5 3. Nc3 f5 4. d3 Be7 5. e4 Nf6 6. b4 c6 7. a4 Na6 8. Qb3 h6 9.
Nh4 O-O 10. Ng6 Re8 11. Be2 Kh7 12. Nxe7 Qxe7 13. O-O f4 14. f3 Be6 15. Bd2 Nh5
16. Rfd1 Rg8 17. Be1 g5 18. h3 Nf6 19. Rd2 h5 20. Nd1 g4 21. hxg4 hxg4 22. Bh4
g3 23. Kf1 Kg6 24. Ke1 Rh8 25. Bxf6 Qxf6 26. Nb2 Rh2 27. Bf1 Rah8 28. Kd1 Rh1
29. Kc2 Rg1 30. Kc3 Rhh1 31. Rdd1 Qd8 32. d4 exd4+ 33. Kxd4 c5+ 34. bxc5 Qf6+
35. e5 Qxe5+ 36. Kd3 Nxc5+ 37. Kc2 Bf5+ 38. Nd3 Nxb3 39. Kxb3 Qe3 40. Kb4 Rxf1 0-1

[Event "Xtracon Chess Open 2017"]
[Site "Helsingor DEN"]
[Date "2017.07.28"]
[Round "8.156"]
[White "Rasmussen, Henrik"]
[Black "Bratteteig, Tore-Inge"]
[Result "1-0"]
[WhiteElo "1822"]
[BlackElo "1637"]
[WhiteFideId "1437011"]
[BlackFideId "1510711"]
[EventDate "2017.07.22"]

1. f4 Nf6 2. Nf3 b6 3. b3 Bb7 4. Bb2 c5 5. c4 Nc6 6. e3 d6 7. d4 cxd4 8. exd4 e6
9. Be2 Be7 10. O-O O-O 11. a3 Rc8 12. Bd3 Re8 13. Nbd2 Nb8 14. Qe2 Nbd7 15. Ng5
h6 16. Rae1 Bf8 17. Qd1 Qc7 18. Ngf3 Qb8 19. f5 e5 20. g4 Nxg4 21. d5 Ngf6 22.
Kh1 Nc5 23. Bc2 a5 24. Rg1 Ba6 25. Bc1 b5 26. Ne4 Ncxe4 27. Bxe4 Kh7 28. Rg3
bxc4 29. Bxh6 Nxe4 30. Rxe4 f6 31. Ng5+ Kg8 32. Ne6 Rxe6 33. fxe6 cxb3 34. Rxb3
Qc7 35. Rg3 Qc2 36. Qf3 Qb1+ 37. Rg1 Qb7 38. Qxf6 Rc7 39. e7 Rxe7 40. Qxd6 Rf7
41. Qxe5 Rf1 42. Bd2 Qb1 43. Qe6+ 1-0

[Event "Xtracon Chess Open 2017"]
[Site "Helsingor DEN"]
[Date "2017.07.28"]
[Round "8.157"]
[White "Hansen, Simon L."]
[Black "Easwaralingam, Janith"]
[Result "1-0"]
[WhiteElo "1819"]
[BlackElo "1621"]
[WhiteFideId "1446894"]
[BlackFideId "1448560"]
[EventDate "2017.07.22"]

1. e4 g6 2. d4 Bg7 3. Nc3 d6 4. f4 a6 5. Nf3 b5 6. Bd3 Bb7 7. O-O Nf6 8. e5 Nd5
9. Ne4 Nb4 10. Neg5 Nxd3 11. Qxd3 Bc8 12. d5 Bf5 13. Qd4 h6 14. Ne4 c5 15. Qd3
Qc7 16. exd6 Bxe4 1-0

[Event "Xtracon Chess Open 2017"]
[Site "Helsingor DEN"]
[Date "2017.07.28"]
[Round "8.158"]
[White "Naesborg, Jens-Ole"]
[Black "Fransson, Pia"]
[Result "1-0"]
[WhiteElo "1808"]
[BlackElo "1482"]
[WhiteFideId "1443577"]
[BlackFideId "1724207"]
[EventDate "2017.07.22"]

1. e4 c5 2. Bc4 g6 3. f4 d6 4. Nf3 Nf6 5. Ng5 d5 6. exd5 Nxd5 7. Qf3 e6 8. O-O
Bg7 9. d3 O-O 10. c3 h6 11. Ne4 Nd7 12. Nbd2 Qc7 13. Nb3 b6 14. Bxd5 exd5 15.
Ng3 Bb7 16. d4 Rfe8 17. Be3 Re7 18. Rae1 Rae8 19. f5 Nf6 20. Bf4 Qc6 21. Rxe7
Rxe7 22. Be5 Qe8 23. Bxf6 Bxf6 24. fxg6 Bg5 25. Nf5 Re4 26. gxf7+ Qxf7 27. Nxh6+
Bxh6 28. Qxf7+ Kh8 29. Qxb7 1-0

[Event "Xtracon Chess Open 2017"]
[Site "Helsingor DEN"]
[Date "2017.07.28"]
[Round "8.159"]
[White "Svane, Freja"]
[Black "Kocur, Marc"]
[Result "0-1"]
[WhiteElo "1451"]
[BlackElo "1934"]
[WhiteFideId "12940100"]
[BlackFideId "205036"]
[EventDate "2017.07.22"]

1. d4 d6 2. e4 e5 3. c3 Nf6 4. Bd3 Be7 5. Bg5 O-O 6. Bxf6 Bxf6 7. Ne2 Re8 8. h3
exd4 9. cxd4 c5 10. Bc2 Qa5+ 11. Nbc3 Nc6 12. dxc5 dxc5 13. O-O Nb4 14. Bb3 Rd8
15. Qc1 Nd3 16. Qc2 b5 17. Bd5 Nb4 18. Qb3 c4 19. Qd1 Be6 20. Bxa8 Rxd1 21.
Rfxd1 Nd3 22. Bc6 Qb6 23. Bxb5 Qxf2+ 24. Kh2 Bxh3 25. Kxh3 Qh4# 0-1

[Event "Xtracon Chess Open 2017"]
[Site "Helsingor DEN"]
[Date "2017.07.28"]
[Round "8.160"]
[White "Vinter, Christoffer"]
[Black "Maselli, Daniel"]
[Result "0-1"]
[WhiteElo "1633"]
[BlackElo "1914"]
[WhiteFideId "1449737"]
[BlackFideId "2814140"]
[EventDate "2017.07.22"]

1. e4 c5 2. Nf3 d6 3. d4 cxd4 4. Nxd4 Nf6 5. Nc3 g6 6. Be3 Bg7 7. f3 O-O 8. Qd2
Nc6 9. O-O-O d5 10. Nxc6 bxc6 11. exd5 cxd5 12. Nxd5 Nxd5 13. Qxd5 Qc7 14. Qc5
Qb7 15. Qb5 Qxb5 16. Bxb5 Rb8 17. Bc4 Bxb2+ 18. Kd2 a5 19. Ke2 Rb4 20. Rb1 Bf5
21. Bb3 Bc3 22. a3 Rbb8 23. Rhd1 Rfd8 24. g4 Bd7 25. Rxd7 Rxd7 26. Bxf7+ Kxf7
27. Rxb8 Rc7 28. Bd2 Be5 29. Rb5 Bd6 30. Kd1 Rd7 31. Rd5 Ke6 32. Rd4 a4 33. Kc1
Bxh2 34. Rxd7 Kxd7 35. Bb4 Bf4+ 36. Kd1 h5 37. gxh5 gxh5 38. Be1 Bd6 39. Kc1
Bxa3+ 40. Kb1 Bc5 0-1

[Event "Xtracon Chess Open 2017"]
[Site "Helsingor DEN"]
[Date "2017.07.28"]
[Round "8.161"]
[White "Jansson, Helge"]
[Black "Rasmussen, Jonas H"]
[Result "0-1"]
[WhiteElo "1627"]
[BlackElo "1885"]
[WhiteFideId "1523198"]
[BlackFideId "1511637"]
[EventDate "2017.07.22"]

1. e4 e5 2. Nf3 Nc6 3. d4 exd4 4. Bc4 Bc5 5. c3 Nf6 6. e5 d5 7. Bb5 Ne4 8. cxd4
Bb4+ 9. Bd2 Nxd2 10. Nfxd2 Bd7 11. Bxc6 Bxc6 12. O-O O-O 13. f4 Bd7 14. f5 Qg5
15. Qf3 Bxd2 16. Nxd2 Qxd2 17. Rad1 Qg5 18. g4 h5 19. h3 hxg4 20. hxg4 g6 21.
Rf2 Bxf5 0-1

[Event "Xtracon Chess Open 2017"]
[Site "Helsingor DEN"]
[Date "2017.07.28"]
[Round "8.162"]
[White "Undheim, Bjarne"]
[Black "Shehzad, Kasher"]
[Result "1-0"]
[WhiteElo "1882"]
[BlackElo "1650"]
[WhiteFideId "1506862"]
[BlackFideId "1521934"]
[EventDate "2017.07.22"]

1. e4 e5 2. Nf3 Nc6 3. d4 exd4 4. Bc4 Nf6 5. e5 d5 6. Bb5 Ne4 7. Nxd4 Bd7 8.
Bxc6 bxc6 9. O-O Bc5 10. f3 Ng5 11. f4 Ne4 12. Be3 Qb8 13. Qc1 Qb6 14. c3 a5 15.
Nd2 Nxd2 16. Qxd2 O-O 17. Rf3 Rab8 18. b3 Bxd4 19. Bxd4 c5 20. Bf2 Bc6 21. f5 f6
22. e6 d4 23. Rg3 Rfd8 24. Qh6 1-0

[Event "Xtracon Chess Open 2017"]
[Site "Helsingor DEN"]
[Date "2017.07.28"]
[Round "8.163"]
[White "Warston, Hakan"]
[Black "Hansen, Verner"]
[Result "1-0"]
[WhiteElo "1623"]
[BlackElo "1855"]
[WhiteFideId "1717367"]
[BlackFideId "1425285"]
[EventDate "2017.07.22"]

1. d4 d5 2. c4 e6 3. Nc3 Nf6 4. cxd5 exd5 5. Bg5 Nbd7 6. e3 Be7 7. Qc2 O-O 8.
Bd3 h6 9. Bh4 c6 10. Nge2 Re8 11. O-O Nf8 12. Rad1 Bg4 13. f3 Bh5 14. Bf2 Bd6
15. h3 Qc7 16. e4 N6h7 17. e5 Be7 18. Nxd5 Qd7 19. Ndf4 Bg6 20. Nxg6 fxg6 21.
Bxg6 Nxg6 22. Qxg6 Rad8 23. e6 Qd5 24. Qf7+ Kh8 25. Nf4 Ng5 26. Qxe8+ Rxe8 27.
Nxd5 cxd5 28. Rfe1 Bf6 29. Bh4 Nxf3+ 30. gxf3 Bxh4 31. Re5 Bf6 32. Re2 Kh7 33.
Kg2 Kg6 34. f4 Kf5 35. Kf3 Re7 36. b3 Rc7 37. Rd3 Re7 38. Rd1 g5 39. fxg5 hxg5
40. Rd3 b6 41. Kf2 Kg6 42. Ke1 Kf5 43. Kd2 Kf4 44. Rf2+ 1-0

[Event "Xtracon Chess Open 2017"]
[Site "Helsingor DEN"]
[Date "2017.07.28"]
[Round "8.164"]
[White "Tenold, Andreas"]
[Black "Langvik, Ulrikke"]
[Result "0-1"]
[WhiteElo "1845"]
[BlackElo "1640"]
[WhiteFideId "1525840"]
[BlackFideId "1517910"]
[EventDate "2017.07.22"]

1. Nf3 f5 2. g3 e6 3. Bg2 Nf6 4. O-O d5 5. d4 Bd6 6. c4 c6 7. Qc2 O-O 8. b3 Qe7
9. Bb2 b6 10. Nc3 Bb7 11. e3 Nbd7 12. Rad1 Ne4 13. Ne1 Ba6 14. Nxe4 fxe4 15. f4
Nf6 16. Bh3 Rad8 17. Rf2 Bb7 18. g4 h6 19. Ng2 Nh7 20. Rc1 Bc7 21. Qc3 Rf7 22.
b4 Ba6 23. cxd5 cxd5 24. Qa3 Bc4 25. Bc3 Bd6 26. Qb2 Rc8 27. Ne1 Qh4 28. Kg2 Nf6
29. g5 hxg5 30. Bxe6 Ng4 31. Bxf7+ Kxf7 32. fxg5+ Kg6 33. Kg1 Qxf2+ 34. Qxf2
Nxf2 35. Kxf2 Bxa2 36. h4 Bxb4 37. Ra1 Rf8+ 38. Ke2 Bc4+ 39. Kd1 Bxc3 40. Rc1
Bxe1 41. Kxe1 Rf1+ 42. Kd2 Rxc1 0-1

[Event "Xtracon Chess Open 2017"]
[Site "Helsingor DEN"]
[Date "2017.07.28"]
[Round "8.165"]
[White "Gaure, Sigurd Lauvas"]
[Black "Nielsen, Kai Gylling"]
[Result "0-1"]
[WhiteElo "1619"]
[BlackElo "1808"]
[WhiteFideId "1524933"]
[BlackFideId "1406400"]
[EventDate "2017.07.22"]

1. e4 c6 2. d4 d5 3. e5 Bf5 4. Bd3 Bxd3 5. Qxd3 e6 6. Nf3 Nd7 7. O-O c5 8. c3
cxd4 9. cxd4 Ne7 10. Bg5 h6 11. Bxe7 Bxe7 12. Nc3 O-O 13. a3 Nb6 14. b4 Nc4 15.
Nd2 Rc8 16. Nxc4 Rxc4 17. Rac1 a6 18. Na4 b5 19. Nc5 Qc8 20. Rxc4 dxc4 21. Qc3
Rd8 22. f4 Qc6 23. Kf2 Bxc5 24. dxc5 Rd3 25. Qc2 Qd5 26. Ke1 Qe4+ 27. Kf2 Qe3# 0-1

[Event "Xtracon Chess Open 2017"]
[Site "Helsingor DEN"]
[Date "2017.07.28"]
[Round "8.166"]
[White "Sebastian, Andreas"]
[Black "Fuglestein, Sander"]
[Result "1-0"]
[WhiteElo "1800"]
[BlackElo "1626"]
[WhiteFideId "1529498"]
[BlackFideId "1536680"]
[EventDate "2017.07.22"]

1. c4 e5 2. g3 Nf6 3. Bg2 c6 4. d4 e4 5. Nc3 d5 6. Bg5 Be7 7. cxd5 cxd5 8. Nh3
Be6 9. Qb3 Qc7 10. Nf4 Nbd7 11. O-O Nb6 12. Bxf6 Bxf6 13. Ncxd5 Nxd5 14. Nxd5
Bxd5 15. Qxd5 O-O 16. Qxe4 Rfd8 17. Qd3 Rac8 18. Qd2 Qd6 19. e3 b6 20. Rac1 g6
21. Rc2 Kg7 22. Rfc1 Qd7 1-0

[Event "Xtracon Chess Open 2017"]
[Site "Helsingor DEN"]
[Date "2017.07.28"]
[Round "8.167"]
[White "Joensen, Jon Magnus"]
[Black "Erikstad, Olav"]
[Result "0-1"]
[WhiteElo "1600"]
[BlackElo "1781"]
[WhiteFideId "7201915"]
[BlackFideId "1504983"]
[EventDate "2017.07.22"]

1. e4 c6 2. d4 d5 3. exd5 cxd5 4. Bb5+ Bd7 5. Bxd7+ Nxd7 6. Nf3 e6 7. O-O Ngf6
8. Bg5 Bd6 9. Re1 Rc8 10. c3 Qc7 11. h3 Ne4 12. Nbd2 Nxg5 13. Nxg5 Nf6 14. Qe2
O-O 15. Rac1 h6 16. Ngf3 Qb6 17. Rb1 Qa5 18. Ra1 b5 19. a3 Qb6 20. Ne5 a5 21.
Qd3 Qc7 22. Rac1 Nd7 23. Nxd7 Qxd7 24. Nf3 b4 25. axb4 axb4 26. c4 Bf4 27. Rc2
dxc4 28. Rxc4 Qb5 29. b3 Rfd8 30. Qc2 Qb7 31. Qe4 Qxe4 32. Rxe4 Bd6 33. Re1 Ra8
34. g3 Ra3 35. Rb1 Rda8 36. Rc2 Ra1 37. Rcc1 Rxb1 38. Rxb1 Rc8 39. Kg2 Kf8 40.
Nd2 Rc2 41. Rd1 Ke7 42. Kf3 Kd7 43. Ke3 Kc6 44. Rb1 Rc3+ 45. Ke2 Kd5 46. Nf3 Ke4
47. Nd2+ Kxd4 48. Ra1 Rc2 49. Ra8 Kc3 50. Rc8+ Kb2 51. Rxc2+ Kxc2 52. h4 Be7 53.
Ke3 Bc5+ 54. Ke2 Bxf2 55. Ne4 Bd4 0-1

[Event "Xtracon Chess Open 2017"]
[Site "Helsingor DEN"]
[Date "2017.07.28"]
[Round "8.168"]
[White "Nordin, Eric"]
[Black "Kristensen, Thomas Overgaard"]
[Result "1-0"]
[WhiteElo "1781"]
[BlackElo "1610"]
[WhiteFideId "1711822"]
[BlackFideId "1419803"]
[EventDate "2017.07.22"]

1. e4 c6 2. d4 d5 3. Nc3 dxe4 4. Nxe4 Nf6 5. Nxf6+ gxf6 6. c3 Bf5 7. Nf3 e6 8.
g3 Bd6 9. Bg2 Na6 10. O-O Qd7 11. Qe2 Rg8 12. c4 O-O-O 13. Be3 Bg4 14. a3 Bb8
15. Qc2 b6 16. b4 Nc7 17. Rfc1 Bf5 18. Qa4 Be4 19. b5 Kb7 20. Ne5 Qd6 21. Nxf7 1-0

[Event "Xtracon Chess Open 2017"]
[Site "Helsingor DEN"]
[Date "2017.07.28"]
[Round "8.169"]
[White "Rasmussen, Ole"]
[Black "Rasmussen, Henning2"]
[Result "1/2-1/2"]
[WhiteElo "1577"]
[BlackElo "1770"]
[WhiteFideId "1417118"]
[BlackFideId "1410962"]
[EventDate "2017.07.22"]

1. e4 e6 2. d4 d5 3. Nd2 c5 4. exd5 Qxd5 5. Ngf3 cxd4 6. Bc4 Qd6 7. O-O Nf6 8.
Nb3 Nc6 9. Nbxd4 Nxd4 10. Qxd4 a6 11. Be3 Qxd4 12. Bxd4 b5 13. Bd3 Bb7 14. Nd2
Be7 15. a4 b4 16. c3 Rd8 17. Nc4 O-O 18. Rad1 bxc3 19. Bxc3 1/2-1/2

[Event "Xtracon Chess Open 2017"]
[Site "Helsingor DEN"]
[Date "2017.07.28"]
[Round "8.170"]
[White "Pedersen, Carl Aage"]
[Black "Palozza, Flavio"]
[Result "1-0"]
[WhiteElo "1758"]
[BlackElo "1573"]
[WhiteFideId "1417614"]
[BlackFideId "2815740"]
[EventDate "2017.07.22"]

1. d4 d5 2. c4 c6 3. cxd5 cxd5 4. Nc3 Nf6 5. Nf3 e6 6. e3 Bd6 7. Bd3 O-O 8. O-O
Re8 9. a3 a6 10. b4 b5 11. Bb2 Bb7 12. h3 Nbd7 13. Nd2 Nb6 14. Nb3 Nc4 15. Bc1
Rb8 16. Nc5 Bc7 17. Nxb7 Rxb7 18. Bxc4 dxc4 19. Qf3 Qd6 20. g3 Rbb8 21. Ne4 Nxe4
22. Qxe4 Qd5 23. Qxd5 exd5 24. Bd2 g6 25. a4 Ra8 26. a5 Kg7 27. Kg2 Rac8 28. Bc3
Bd6 29. Rfe1 Rc7 30. Ra2 Rce7 31. Rae2 Kf6 32. f3 Kf5 33. e4+ dxe4 34. fxe4+ Ke6
35. d5+ Kd7 36. e5 Bc7 37. d6 Bxd6 38. Rd1 Re6 39. Red2 Rd8 40. Rxd6+ Rxd6 41.
Rxd6+ Ke7 42. Rxd8 Kxd8 43. Kf3 Kd7 44. Ke4 Ke6 45. g4 h5 46. gxh5 gxh5 47. h4 1-0

[Event "Xtracon Chess Open 2017"]
[Site "Helsingor DEN"]
[Date "2017.07.28"]
[Round "8.171"]
[White "Hina, Ariza"]
[Black "Merkesvik, Amalie Isabel"]
[Result "0-1"]
[WhiteElo "1555"]
[BlackElo "1754"]
[WhiteFideId "1525441"]
[BlackFideId "1514369"]
[EventDate "2017.07.22"]

1. e4 c5 2. Nc3 d6 3. f4 e6 4. Nf3 Nf6 5. Bb5+ Nbd7 6. O-O a6 7. Bxd7+ Nxd7 8.
d4 cxd4 9. Nxd4 Be7 10. Kh1 O-O 11. f5 e5 12. Nf3 b5 13. Nd5 Bb7 14. Be3 Rc8 15.
c3 Bxd5 16. Qxd5 Nf6 17. Qd3 h6 18. h3 Qc7 19. g4 d5 20. g5 hxg5 21. Nxg5 dxe4
22. Qc2 Qc6 23. Qg2 Nd5 24. Rae1 g6 25. Kg1 Nxe3 0-1

[Event "Xtracon Chess Open 2017"]
[Site "Helsingor DEN"]
[Date "2017.07.28"]
[Round "8.172"]
[White "Hestholm, Sverre"]
[Black "Christophersen, David"]
[Result "1-0"]
[WhiteElo "1531"]
[BlackElo "1741"]
[WhiteFideId "1529161"]
[BlackFideId "1413619"]
[EventDate "2017.07.22"]

1. e4 c5 2. Nf3 g6 3. d4 cxd4 4. Nxd4 Bg7 5. Nc3 Nc6 6. Be3 Nf6 7. Nxc6 bxc6 8.
e5 Ng8 9. Bd4 Nh6 10. e6 O-O 11. Bxg7 Kxg7 12. exd7 Bxd7 13. Qd4+ Kg8 14. O-O-O
Be6 15. Qf4 Qb6 16. Qxh6 Rab8 17. b3 Qxf2 18. Ne4 Qf5 19. Ng5 Rfd8 20. Qxh7+ Kf8
21. Qh8# 1-0

[Event "Xtracon Chess Open 2017"]
[Site "Helsingor DEN"]
[Date "2017.07.28"]
[Round "8.173"]
[White "Verboven, Arnout"]
[Black "Yilmaz, Kazim"]
[Result "1/2-1/2"]
[WhiteElo "1739"]
[BlackElo "1527"]
[WhiteFideId "236012"]
[BlackFideId "1514326"]
[EventDate "2017.07.22"]

1. e4 e5 2. Nf3 Nc6 3. Bc4 Bc5 4. c3 Nf6 5. d3 d6 6. h3 h6 7. b4 Bb6 8. a4 a6 9.
Nbd2 O-O 10. O-O d5 11. Bb3 dxe4 12. dxe4 Re8 13. Re1 Be6 14. Bb2 Bxb3 15. Nxb3
Qxd1 16. Raxd1 Rad8 17. Rxd8 Rxd8 18. b5 axb5 19. axb5 Na5 20. Nxa5 Bxa5 21.
Nxe5 Rd2 22. Nc4 Rc2 23. Nxa5 Rxb2 24. c4 b6 25. Nc6 Rc2 26. e5 Nd7 27. Re4 Nc5
28. Rd4 Ne6 29. Rg4 h5 30. Rh4 g5 31. Rxh5 Rxc4 32. Ne7+ Kg7 33. Nf5+ Kg8 34.
Ne7+ Kg7 35. Nf5+ Kg8 1/2-1/2

[Event "Xtracon Chess Open 2017"]
[Site "Helsingor DEN"]
[Date "2017.07.28"]
[Round "8.174"]
[White "Cuyx, Tomas"]
[Black "Horslund, Mikael"]
[Result "0-1"]
[WhiteElo "1495"]
[BlackElo "1726"]
[WhiteFideId "244619"]
[BlackFideId "1421042"]
[EventDate "2017.07.22"]

1. d4 Nf6 2. c4 e5 3. dxe5 Ng4 4. Nf3 Nc6 5. Nc3 Ngxe5 6. e4 Bb4 7. Be3 O-O 8.
Nxe5 Nxe5 9. f4 Nc6 10. Qc2 Re8 11. Bd3 Qh4+ 12. g3 Qh5 13. Be2 Qa5 14. O-O Bxc3
15. Qxc3 Qxc3 16. bxc3 f5 17. e5 d6 18. Bd4 dxe5 19. Bxe5 Nxe5 20. fxe5 Rxe5 21.
Bd3 Bd7 22. Rab1 b6 23. Rf4 c5 24. Rbf1 g6 25. h4 Re3 26. R4f3 Rae8 27. Kf2 R3e5
28. Rb1 Bc6 29. Rf4 h5 30. Rb3 Re3 31. Bxf5 Re2+ 32. Kf1 Re1+ 0-1

[Event "Xtracon Chess Open 2017"]
[Site "Helsingor DEN"]
[Date "2017.07.28"]
[Round "8.175"]
[White "Aasen, Fredrik"]
[Black "Gottschalck, Christian"]
[Result "1/2-1/2"]
[WhiteElo "1430"]
[BlackElo "1705"]
[WhiteFideId "1539060"]
[BlackFideId "1428357"]
[EventDate "2017.07.22"]

1. e4 d5 2. exd5 Nf6 3. Bb5+ Bd7 4. Bc4 Bg4 5. f3 Bc8 6. Nc3 Nbd7 7. Nge2 Nb6 8.
Bb3 Nbxd5 9. d4 h6 10. Nxd5 Nxd5 11. Nf4 c6 12. Bxd5 cxd5 13. O-O e6 14. Nd3 Bd6
15. Bf4 O-O 16. c3 b6 17. Qe1 Ba6 18. Bxd6 Qxd6 19. Qd2 Rfc8 20. Rfe1 Bxd3 21.
Qxd3 b5 22. Qxb5 Rc4 23. Qb3 Rb8 24. Qc2 Qb6 25. Re2 Rbc8 26. Qd3 a5 27. f4 a4
28. a3 Re8 29. Kf1 Qb8 30. g3 Rc6 31. Qc2 Rc4 32. Qd3 Rc6 33. Qc2 Rc4 1/2-1/2

[Event "Xtracon Chess Open 2017"]
[Site "Helsingor DEN"]
[Date "2017.07.28"]
[Round "8.176"]
[White "Kreken, Eivind Grunt"]
[Black "Kristensen, Lars Ostergaard"]
[Result "1-0"]
[WhiteElo "1412"]
[BlackElo "1701"]
[WhiteFideId "1532359"]
[BlackFideId "1415018"]
[EventDate "2017.07.22"]

1. e4 c6 2. Nc3 d5 3. Nf3 dxe4 4. Nxe4 Nf6 5. Qe2 Bf5 6. Nxf6+ gxf6 7. d4 Qc7 8.
g3 e6 9. Bf4 Bd6 10. Bxd6 Qxd6 11. Bg2 Nd7 12. O-O O-O-O 13. c3 h5 14. Nh4 Bh7
15. b4 e5 16. Rad1 Qe6 17. d5 cxd5 18. Bxd5 Qh3 19. a4 f5 20. a5 Qg4 21. Qb5 Nb6
22. axb6 a6 23. Qc5+ Kb8 24. Qc7+ 1-0

[Event "Xtracon Chess Open 2017"]
[Site "Helsingor DEN"]
[Date "2017.07.28"]
[Round "8.177"]
[White "Lenaerts, Robbe"]
[Black "Werner, Jakob"]
[Result "0-1"]
[WhiteElo "1386"]
[BlackElo "1690"]
[WhiteFideId "236853"]
[BlackFideId "1426850"]
[EventDate "2017.07.22"]

1. d4 d5 2. Nf3 Nf6 3. e3 Bf5 4. b3 e6 5. Bb2 Bd6 6. Nbd2 O-O 7. Be2 Nbd7 8. O-O
Rc8 9. Ne5 c6 10. f4 c5 11. Nxd7 Qxd7 12. dxc5 Bxc5 13. Bxf6 Bxe3+ 14. Kh1 gxf6
15. Bd3 Bxd3 16. cxd3 Bxd2 17. Qxd2 Qb5 18. Rf3 Qc5 19. f5 Qc3 20. Qd1 Kh8 21.
Rh3 Rg8 22. d4 Qc2 23. Qf1 Qxf5 24. Rf3 Qe4 25. Rxf6 Rc2 26. Rf3 Qe2 27. g3
Qxh2# 0-1